| 000 | 01179pam a2200313 i 4500 | ||
|---|---|---|---|
| 001 | 4491764 | ||
| 003 | EG-ScBUE | ||
| 005 | 20250629092214.0 | ||
| 008 | 971204t1999 njua f b 001 0 eng d | ||
| 020 | _a9780471309321 | ||
| 040 |
_aEG-ScBUE _beng _erda _cEG-ScBUE _dEG-ScBUE |
||
| 082 | 0 | 4 |
_a537.6 _222 _bJAC |
| 100 | 1 |
_aJackson, John David, _d1925-2016, _eauthor. _99060 |
|
| 245 | 1 | 0 |
_aClassical electrodynamics / _cJohn David Jackson, professor emeritus of physics, University of California, Berkeley. |
| 250 | _aThird edition. | ||
| 264 | 1 |
_aHoboken, New Jersey : _bJohn Wiley & Sons, Inc., _c[1999] |
|
| 264 | 4 | _cc1999 | |
| 300 |
_axxi, 808 pages : _billustrations ; _c26 cm |
||
| 336 |
_2rdacontent _atext _btxt |
||
| 337 |
_aunmediated _2rdamedia _bn |
||
| 338 |
_avolume _bnc _2rdacarrier |
||
| 500 | _aIncludes Appendices. | ||
| 504 | _aIncludes bibliographical references and index. | ||
| 650 | 7 |
_aElectrodynamics. _99061 _2BUEsh |
|
| 655 | _vReading book | ||
| 856 | 4 | 2 |
_3Publisher description _uhttp://www.loc.gov/catdir/description/wiley033/97046873.html |
| 856 | 4 |
_3Table of Contents _uhttp://www.loc.gov/catdir/toc/onix04/97046873.html |
|
| 942 |
_2ddc _cNB |
||
| 999 |
_c10321 _d10321 |
||